Normal view
MARC view
Entry Topical Term
001 - CONTROL NUMBER
- control field: 11995
003 - CONTROL NUMBER IDENTIFIER
- control field: ARRUPE
005 - DATE AND TIME OF LATEST TRANSACTION
- control field: 20141002155727.0
008 - FIXED-LENGTH DATA ELEMENTS
- fixed length control field: 141002|| aca||aabn | a|a d
040 ## - CATALOGING SOURCE
- Original cataloging agency: ARRUPE
- Transcribing agency: ARRUPE
150 ## - HEADING--TOPICAL TERM
- Topical term or geographic name as entry element: Knowledge, Theory of (Religion)
670 ## - SOURCE DATA FOUND
- Source citation: Work cat.: (ARRUPE)0: Santoni, Ronald E., comp. 11994, Religious language and the problem of religious knowledge,, [1968]